Barron's practice exercises for the TOEFL iBT

保存先:
書誌詳細
言語:Undetermined
English
出版事項: Tp. Hồ Chí Minh Trẻ 2008
タグ: タグ追加
タグなし, このレコードへの初めてのタグを付けませんか!
Thư viện lưu trữ: Trung tâm Học liệu Trường Đại học Trà Vinh
LEADER 00404nam a2200157Ia 4500
001 TVU_8317
008 210423s9999 xx 000 0 und d
041 |a eng 
082 |a 428.24 
082 |b P895 
245 0 |a Barron's practice exercises for the TOEFL iBT 
260 |a Tp. Hồ Chí Minh 
260 |b Trẻ 
260 |c 2008 
300 |b Đĩa CD + 
980 |a Trung tâm Học liệu Trường Đại học Trà Vinh